Statistics for US Presidents Whose Last Names Start With T

Click here to take the quiz!

General Stats

  • This quiz has been taken 351 times
  • The average score is 5 of 5

Answer Stats

ServedPresident% Correct
2017 - 2021Donald J. Trump
98%
1945 - 1953Harry S. Truman
94%
1909 - 1913William H. Taft
88%
1849 - 1850Zachary Taylor
87%
1841 - 1845John Tyler
85%

Score Distribution

Percentile by Number Answered

Percent of People with Each Score

Your Score History

You have not taken this quiz